000 00266nam a2200109Ia 4500
008 190216s9999||||xx |||||||||||||| ||und||
100 _aRao V S P & Narayana P.S
245 0 _aManagement
260 _bAllied Publishers Limited
_c1998
300 _a479p
942 _cBK
999 _c5800
_d5800